| 000 | 00638nas a22001937a 4500 | ||
|---|---|---|---|
| 003 | OSt | ||
| 005 | 20170731142047.0 | ||
| 008 | 130402s2012 s ||||| |||| 00| 0 cat d | ||
| 040 |
_cCDMR _bcat |
||
| 245 | 0 | _aGuia de la comunicació de les comarques de Girona | |
| 260 |
_aGirona _bCol·legi de Periodistes de Catalunya. Demarcació de Girona |
||
| 260 |
_bDiputació de Girona _c1994-- |
||
| 300 | _av. | ||
| 310 | _airregular | ||
| 500 | _aCanvien el DL cada any | ||
| 650 | 0 | 7 |
_2lemac _93553 _aPremsa _xDirectoris _zGirona (Província) |
| 710 | 2 |
_995 _aCol·legi de Periodistes de Catalunya _b -- Demarcació de Girona |
|
| 942 |
_2udc _cSER |
||
| 999 |
_c6035 _d6035 |
||